Cơ sở ngữ dụng học

Saved in:
Bibliographic Details
Main Author: Đỗ, Hữu Châu
Format: Book
Language:Undetermined
Published: Hà Nội Đại học Sư phạm Hà Nội 2003
Subjects:
Tags: Add Tag
No Tags, Be the first to tag this record!
Institutions: Trung tâm Học liệu Trường Đại học Cần Thơ
LEADER 00633nam a2200217Ia 4500
001 CTU_60072
008 210402s9999 xx 000 0 und d
020 |c 33000 
082 |a 401.4 
082 |b Ch125/T1 
100 |a Đỗ, Hữu Châu 
245 0 |a Cơ sở ngữ dụng học 
245 0 |c Đỗ Hữu Châu 
260 |a Hà Nội 
260 |b Đại học Sư phạm Hà Nội 
260 |c 2003 
526 |a Ngữ dụng học tiếng Việt 
526 |b SG298 
650 |a language and languages,pragmatics 
904 |i Mai 
980 |a Trung tâm Học liệu Trường Đại học Cần Thơ